[Event "Africa-ch U12"]
[Site "Windhoek"]
[Date "2019.12.20"]
[Round "8.10"]
[White "Hammadi, Rayane"]
[Black "Potgieter, Edward"]
[Result "0-1"]
[WhiteElo "1329"]
[BlackElo "1146"]
[PlyCount "54"]
[EventDate "2019.12.16"]
[EventType "swiss"]
[EventRounds "9"]
[EventCountry "NAM"]
[SourceTitle "EXT 2024"]
[Source "ChessBase"]
[SourceDate "2023.10.10"]
[SourceVersion "1"]
[SourceVersionDate "2023.10.10"]
[SourceQuality "1"]

1. e4 e5 2. Nf3 Nc6 3. Bc4 Bc5 4. Nc3 Nf6 5. d3 h6 6. Be3 Bb6 7. h3 d6 8. Qd2 Bd7 9. a3 Na5 10. Ba2 c5 11. Nh4 Qc8 12. Bd5 Be6 13. Nb5 Qd7 14. Nc3 Bxd5 15. Nxd5 Nxd5 16. exd5 c4 17. Bxb6 axb6 18. d4 Qe7 19. Nf5 Qf6 20. g4 h5 21. f3 g6 22. dxe5 dxe5 23. Ne3 Qxf3 24. Qf2 Qxh1+ 25. Qf1 Qxd5 26. Qf6 Qe4 27. Kd1 Rd8+ 0-1

[Event "Africa-ch U12"]
[Site "Windhoek"]
[Date "2019.12.16"]
[Round "1.4"]
[White "Potgieter, Edward"]
[Black "Chembe, Sean Kunda"]
[Result "0-1"]
[WhiteElo "1146"]
[BlackElo "1556"]
[PlyCount "98"]
[EventDate "2019.12.16"]
[EventType "swiss"]
[EventRounds "9"]
[EventCountry "NAM"]
[SourceTitle "EXT 2024"]
[Source "ChessBase"]
[SourceDate "2023.10.10"]
[SourceVersion "1"]
[SourceVersionDate "2023.10.10"]
[SourceQuality "1"]

1. e4 c5 2. Nf3 Nc6 3. d4 cxd4 4. Nxd4 Nf6 5. Nc3 g6 6. Be3 Bg7 7. Bc4 0-0 8. Bb3 d6 9. f3 Bd7 10. 0-0 a6 11. Qd2 Qc7 12. a3 e5 13. Nde2 Rad8 14. Na4 Rc8 15. Bb6 Qb8 16. Rfd1 Ne8 17. Rac1 Nd8 18. Nec3 Bc6 19. Nd5 Bxd5 20. Qxd5 Ne6 21. Qd2 N6c7 22. Qf2 Nb5 23. c4 Nd4 24. Bxd4 exd4 25. Nb6 Rc7 26. Nd5 Rd7 27. Nb6 Rc7 28. Nd5 Rd7 29. Nb6 Re7 30. Nd5 Re6 31. Nf4 Rf6 32. Nd5 Re6 33. Nf4 Re7 34. Nd5 Rd7 35. Nb6 Rc7 36. Nd5 Rc5 37. Ba2 Kh8 38. b4 Rc8 39. Nb6 Rc7 40. Nd5 Rd7 41. Nb6 Re7 42. Nd5 Re5 43. Rxd4 Re6 44. Rdd1 Nc7 45. Nxc7 Qxc7 46. c5 Rf6 47. cxd6 Rxd6 48. Rxc7 Rxd1+ 49. Qf1 Bd4+ 0-1

[Event "RSA-ch U10"]
[Site "Gauteng"]
[Date "2017.04.10"]
[Round "10"]
[White "Potgieter, Edward"]
[Black "Rooplal, Jasveer"]
[Result "0-1"]
[WhiteElo "849"]
[BlackElo "760"]
[PlyCount "85"]
[EventDate "2017.04.05"]
[EventType "swiss"]
[EventRounds "11"]
[EventCountry "RSA"]
[SourceTitle "CBM 177 Extra"]
[Source "ChessBase"]
[SourceDate "2017.04.27"]
[SourceVersion "1"]
[SourceVersionDate "2017.04.27"]
[SourceQuality "1"]

1. e4 e5 2. Nf3 Nc6 3. Bc4 h6 4. c3 Nf6 5. d3 Be7 6. Be3 0-0 7. Nbd2 d6 8. Qc2 a6 9. 0-0-0 b5 10. Bb3 b4 11. Rdg1 a5 12. cxb4 Nxb4 13. Qc3 Bd7 14. a3 Nc6 15. Nc4 a4 16. Bc2 d5 17. exd5 Nxd5 18. Qd2 Nxe3 19. Qxe3 Re8 20. h4 Be6 21. g4 Na5 22. g5 Nxc4 23. dxc4 h5 24. g6 f6 25. Qe2 Bg4 26. Qe3 Ra5 27. Qe4 Qa8 28. Qxa8 Raxa8 29. Bd1 Bc5 30. Rh2 Re7 31. Nd2 Bxd1 32. Rxd1 Rb8 33. Re1 Bd4 34. b4 axb3 35. f4 b2+ 36. Kb1 Ra8 37. Ka2 c6 38. Nb3 Rea7 39. Rhe2 Rxa3+ 40. Kb1 Rxb3 41. Re4 Ra1+ 42. Kc2 Rxe1 43. Rxe1 0-1

[Event "RSA-ch U10"]
[Site "Gauteng"]
[Date "2017.04.06"]
[Round "3"]
[White "Potgieter, Edward"]
[Black "Collier, Noah"]
[Result "0-1"]
[WhiteElo "849"]
[BlackElo "688"]
[PlyCount "24"]
[EventDate "2017.04.05"]
[EventType "swiss"]
[EventRounds "11"]
[EventCountry "RSA"]
[SourceTitle "CBM 177 Extra"]
[Source "ChessBase"]
[SourceDate "2017.04.27"]
[SourceVersion "1"]
[SourceVersionDate "2017.04.27"]
[SourceQuality "1"]

1. e4 c6 2. d4 d5 3. exd5 cxd5 4. c3 Nc6 5. Nf3 Nf6 6. Bb5 Bg4 7. Bf4 e6 8. Nbd2 Bd6 9. Bxd6 Qxd6 10. Qa4 0-0 11. Bxc6 bxc6 12. h3 Bxf3 0-1

[Event "RSA-ch U10"]
[Site "Gauteng"]
[Date "2017.04.05"]
[Round "1"]
[White "Potgieter, Edward"]
[Black "Baruch, Liam"]
[Result "0-1"]
[WhiteElo "849"]
[BlackElo "1196"]
[PlyCount "66"]
[EventDate "2017.04.05"]
[EventType "swiss"]
[EventRounds "11"]
[EventCountry "RSA"]
[SourceTitle "CBM 177 Extra"]
[Source "ChessBase"]
[SourceDate "2017.04.27"]
[SourceVersion "1"]
[SourceVersionDate "2017.04.27"]
[SourceQuality "1"]

1. e4 e5 2. Nf3 Nc6 3. Bc4 Bc5 4. c3 Nf6 5. d4 exd4 6. cxd4 Bb4+ 7. Bd2 Bxd2+ 8. Nbxd2 d5 9. exd5 Nxd5 10. Qb3 Nce7 11. 0-0 0-0 12. Bxd5 Qxd5 13. Rfe1 Be6 14. Qxd5 Nxd5 15. Ng5 Bd7 16. Rac1 c6 17. Nb1 Nb4 18. a3 Nd3 19. Re7 Nxc1 20. Rxd7 Rae8 21. Nf3 g5 22. h3 b6 23. Rxa7 h6 24. Ra6 Rb8 25. Ne5 Ne2+ 26. Kf1 Nxd4 27. Nd7 Ra8 28. Rxa8 Rxa8 29. Nxb6 Rb8 30. Nc4 Re8 31. a4 Nc2 32. g3 Re1+ 33. Kg2 Rxb1 0-1